[Event "21st Dubai Open 2019"]
[Site "Dubai"]
[Date "2019.04.06"]
[Round "6.35"]
[White "Raja Rithvik R"]
[Black "San Diego, Jerlyn Mae"]
[Result "0-1"]
[WhiteElo "2391"]
[BlackElo "1836"]
[Annotator "TA"]
[PlyCount "136"]
[EventDate "2019.04.01"]
[EventType "swiss"]
[EventCountry "UAE"]
[SourceTitle "playchess.com"]
[Source "ChessBase"]
[SourceQuality "1"]

{[%evp 30,136,58,49,47,40,39,-64,-47,-109,-47,-44,-29,-34,-26,-29,0,0,0,-71,-31,-28,-18,-60,-62,-44,-50,-32,-30,-35,-12,-8,0,0,0,0,46,-6,-7,-2,10,0,0,0,0,0,32,0,20,0,0,2,187,187,430,358,466,357,604,540,451,-12,13,0,0,-8,-8,-14,-14,-13,0,0,0,0,0,-5816,-5085,-29974,-29975,-29975,-29976,-29976,-29977,-29977,-29978,-29978,-29979,-29979,-29980,-29980,-29981,-29981,-29982,-29982,-29983,-29983,-29984,-29984,-29985,-29985,-29986,-29986,-29987,-29989,-29990,-29993,-29994,-29996,-29997]} 1. d4 g6 2. Nf3 Bg7 3. c4 c5 4. e4 cxd4 5. Nxd4 Nc6 6. Be3 d6 7. Nc3 Nf6 8. Be2 Bd7 9. O-O O-O 10. f3 Nxd4 11. Bxd4 Bc6 12. Qd2 a5 13. b3 Nd7 14. Be3 Nc5 15. Rab1 Qb6 16. Rfc1 Qb4 {B38: Sicilian: Maroczy Bind with 5...Bg7 and 7...0-0} (16... Rfc8 17. Bf1 Qb4 18. Qb2 Qb6 19. Kh1 Qd8 20. Qd2 e6 21. Bg5 Qf8 22. Rd1 h6 23. Be3 Rd8 24. a3 Nd7 25. b4 axb4 26. axb4 {0-1 (41) Wang,H (2690)-Bu,X (2713) China 2017}) 17. Qb2 Qb6 18. a3 {[#]} ({White should try} 18. Rc2 $14) 18... Bh6 $1 $15 {[%cal Rh6e3][%mdl 512] Black is slightly better.} 19. Bd4 {[#]} (19. Bf2 $1 $15 Bxc1 20. Qxc1) (19. Bxh6 Nxe4+) 19... Bxc1 $146 (19... Qxb3 $1 $17 {[%mdl 512]} 20. Rc2 (20. Qxb3 Nxb3) 20... Qxb2 21. Rcxb2 Ne6) ({Predecessor:} 19... Qxb3 20. Rf1 Qxb2 21. Rxb2 Ne6 22. Bf2 Bg7 23. Rc2 Nd4 24. Rcc1 Nxe2+ 25. Nxe2 Bb2 26. Rb1 Bxa3 {0-1 (26) Kurilin,A (2271)-Domogaev,S (2509) Bogoroditsk 2011}) 20. Qxc1 {Strongly threatening b4.} e5 21. Be3 {b4 is the strong threat.} Qd8 22. Qd2 Ne6 23. Rd1 f5 24. Qxd6 (24. exf5 $11 {remains equal.} gxf5 25. Qxd6 Qxd6 26. Rxd6) 24... Qxd6 (24... Nd4 $5 {[%cal Rd8d6]} 25. Qxe5 Nxe2+ 26. Kf1 Qh4 27. Nxe2 Rae8 $17) 25. Rxd6 Kf7 26. Nd5 Rad8 27. Rxd8 Rxd8 28. Bb6 Ra8 29. Kf2 a4 30. b4 fxe4 31. fxe4 Nf4 32. Bf1 h5 33. g3 (33. b5 $14 Bd7 34. Bc7) 33... Ne6 $11 34. Ke3 Rc8 35. Kd2 g5 36. Be3 g4 37. Be2 Rg8 38. Kc3 Ng5 39. Bxg5 Rxg5 40. c5 Bxd5 $2 (40... Ke6 $11 {and Black is okay.}) 41. exd5 {[%mdl 4096] Endgame KR-KB} Rf5 $2 {[#]} (41... e4 {keeps fighting.}) 42. b5 $1 $18 {[%cal Bb4b5,Bb5b6][%mdl 32]} Ke7 43. b6 Kd7 $2 (43... e4) 44. Bb5+ Kc8 {[#]} 45. c6 $2 (45. Bd3 $1 $18 {[%cal Rd3f5]} Rf6 46. Kc4) 45... Rf6 46. Kc4 {And now Kc5 would win.} e4 $1 {[%cal Re4e3] Hoping for ...e3.} 47. Kd4 {aiming for Ke5.} Rf2 48. d6 Rd2+ 49. Kc5 {Black must now prevent d7+.} bxc6 50. Kxc6 Rc2+ 51. Kd5 {Threatens to win with d7+.} Rd2+ 52. Ke6 $2 {[%mdl 8192]} (52. Kc6 $11 Rc2+ 53. Kd5 Rd2+ 54. Kc6) 52... e3 $19 53. Ba6+ Kb8 {Black mates.} 54. d7 e2 55. Bxe2 Rxe2+ {KR-KP} 56. Kd6 Rd2+ 57. Ke7 Kb7 58. d8=Q Rxd8 59. Kxd8 Kxb6 {K3P-K3P} 60. Kd7 Kc5 61. Ke6 Kc4 62. Ke5 Kb3 63. Kd4 Kxa3 64. Kc3 Ka2 65. Kc2 a3 {[%cal Ba4a3,Ba3a2][%mdl 32]} 66. Kc1 Kb3 67. Kb1 a2+ 68. Ka1 Ka3 {Accuracy: White = 37%, Black = 51%.} 0-1

[Event "21st Dubai Open 2019"]
[Site "Dubai"]
[Date "2019.04.06"]
[Round "6.36"]
[White "Panda Sambit"]
[Black "Harsha Bharathakoti"]
[Result "0-1"]
[WhiteElo "2218"]
[BlackElo "2497"]
[Annotator "TA"]
[PlyCount "118"]
[EventDate "2019.04.01"]
[EventType "swiss"]
[EventCountry "UAE"]
[SourceTitle "playchess.com"]
[Source "ChessBase"]
[SourceQuality "1"]

{[%evp 10,118,28,3,24,23,45,48,47,55,57,41,37,39,52,43,50,62,39,39,43,43,46,44,45,39,56,23,27,26,34,27,50,15,15,0,16,16,18,23,21,0,0,0,0,-55,-36,-54,-62,-32,-36,-25,-30,-50,-53,-40,-48,-60,-66,-67,-66,-112,-26,-27,-27,-27,-29,-30,-29,-29,-33,-34,-17,-110,-105,-120,-93,-111,-93,-106,-104,-162,-162,-162,-161,-160,-153,-193,-187,-177,-176,-229,-229,-227,-225,-641,-486,-1878,-2108,-29985,-29977,-29986,-29987,-29993,-29993,-29993,-29994,-29994,-29980,-29994,-29993]} 1. d4 Nf6 2. c4 e6 3. Nf3 d5 4. Nc3 a6 5. cxd5 exd5 6. Qb3 {LiveBook: 32 Games. D37: Queen's Gambit Declined: 5 Bf4} (6. Bg5 Be6 7. e3 Nbd7 8. Bd3 h6 9. Bf4 g5 10. Bg3 Nh5 11. Be5 Nhf6 12. Bg3 Nh5 13. Ne2 Nxg3 14. Nxg3 {1-0 (61) Leko,P (2679)-Caruana,F (2832) Germany 2019}) 6... Bd6 7. Bg5 c6 {[#]} 8. e4 $1 {[%mdl 512] White is slightly better.} dxe4 {[#]} 9. Nxe4 $1 {[%mdl 512]} Be7 (9... Nxe4 10. Bxd8) 10. Nxf6+ Bxf6 11. Qe3+ Be6 12. Bc4 {Threatens to win with 0-0.} h6 $146 {[%cal Rf6g5]} ({Predecessor:} 12... O-O 13. Bxe6 {1-0 (72) Pillsbury,H-Janowski,D London 1899}) 13. Bxf6 Qxf6 14. O-O O-O 15. Bxe6 Qxe6 16. Qxe6 fxe6 17. Rfe1 Re8 18. Ne5 Rd8 19. Rad1 Nd7 20. Nd3 Kf7 21. f3 a5 22. Nf4 Re8 23. h4 a4 24. h5 Ra5 25. Rd3 Rf5 26. g3 Nf6 27. Rde3 (27. Re5 $11) 27... Nd5 $36 {[%mdl 2048] Black has the initiative.} 28. Rxe6 Rxe6 29. Nxe6 Rxf3 {[%mdl 4096] Endgame KRN-KRN} 30. Nd8+ Kg8 31. Re8+ Kh7 32. Kg2 Rd3 {White must now prevent ...Rd2+.} 33. Re2 Nf6 34. Nxb7 Nxh5 35. Nc5 Rxd4 (35... Rxg3+ $17 36. Kf2 a3) 36. Re4 $11 Rd2+ 37. Kf3 Rxb2 {And now ...a3 would win.} 38. Rxa4 Nf6 39. Ra7 Rc2 40. Ne6 Rc3+ 41. Kg2 (41. Kf4 $1 $11 {remains equal.}) 41... Nh5 $17 42. a4 Re3 43. Nd8 Rxg3+ 44. Kf2 c5 45. Ra5 (45. Ne6 $17 {might work better.}) 45... Rc3 $19 46. Ne6 Nf6 47. Ra7 Kg6 48. a5 Ne4+ 49. Ke2 {[#]} Ra3 $1 50. Nxg7 {[#]} (50. a6 $142) 50... h5 $1 {[%cal Bh6h5,Bh5h4,Bh4h3,Bh3h2][%mdl 32]} 51. Ne6 h4 {aiming for ...h3.} 52. Kf1 $2 (52. Nf4+ Kg5 53. Rf7) 52... h3 53. Kg1 (53. Nf4+ $142 Kf5 54. Nxh3 Rxh3 55. Ra8) 53... Kf5 54. Nd8 Ra2 {Black mates.} 55. Rh7 Ng5 56. Rc7 Nf3+ 57. Kf1 h2 {[%cal Rh2h1]} 58. Rh7 c4 {[%cal Bc5c4,Bc4c3][%mdl 32]} 59. a6 c3 {Precision: White = 50%, Black = 78%.} 0-1

[Event "21st Dubai Open 2019"]
[Site "Dubai"]
[Date "2019.04.06"]
[Round "6.37"]
[White "Gandhi, Anish"]
[Black "Darini, Pouria"]
[Result "0-1"]
[WhiteElo "2202"]
[BlackElo "2455"]
[Annotator "RC"]
[PlyCount "116"]
[EventDate "2019.04.01"]
[EventType "swiss"]
[EventCountry "UAE"]
[SourceTitle "playchess.com"]
[Source "ChessBase"]
[SourceQuality "1"]
[TimeControl "5400+30"]

1. e4 {[%emt 0:00:00]} c5 {[%emt 0:00:00]} 2. Nf3 {[%emt 0:00:00]} d6 {[%emt 0:00:00]} 3. d4 {[%emt 0:00:04]} cxd4 {[%emt 0:00:00]} 4. Nxd4 {[%emt 0:00:03]} Nf6 {[%emt 0:00:00]} 5. Nc3 {[%emt 0:00:05]} a6 {[%emt 0:00:03]} 6. Bc4 {[%emt 0:00:12]} e6 {[%emt 0:00:21]} 7. Bb3 {[%emt 0:00:07]} b5 {[%emt 0:00:20]} 8. f4 {[%emt 0:00:12]} Bb7 {[%emt 0:01:45]} 9. O-O {[%emt 0:01:04]} Be7 {[%emt 0:03:39]} 10. Bxe6 {[%emt 0:10:30]} fxe6 {[%emt 0:00:01]} 11. Nxe6 {[%emt 0:00:09]} Qb6+ {[%emt 0:03:21]} 12. Kh1 {[%emt 0:00:04]} Nbd7 {[%emt 0:01:06]} 13. Nxg7+ {[%emt 0:02:11]} Kf7 {[%emt 0:01:10]} 14. Nf5 {[%emt 0:00:44]} h5 {[%emt 0:15:47]} 15. Be3 {[%emt 0:10:50]} Qc6 {[%emt 0:12:54]} 16. Qd4 {[%emt 0:01:20]} Bf8 {[%emt 0:19:17]} 17. Nh4 {[%emt 0:14:03]} Rg8 {[%emt 0:13:19]} 18. Nf3 {[%emt 0:07:41]} Nxe4 {[%emt 0:00:04]} 19. Nxe4 {[%emt 0:01:57]} Qxe4 {[%emt 0:00:02]} 20. Ng5+ {[%emt 0:00:09]} Rxg5 {[%emt 0:00:01]} 21. fxg5+ {[%emt 0:00:07]} Kg8 {[%emt 0:00:04]} 22. Qd2 {[%emt 0:00:59]} Ne5 {[%emt 0:04:42]} 23. Bd4 {[%emt 0:06:30]} Bg7 {[%emt 0:02:33]} 24. Rae1 {[%emt 0:02:55]} Qd5 {[%emt 0:05:50]} 25. c3 {[%emt 0:00:35]} Re8 {[%emt 0:06:30]} 26. Rf2 {[%emt 0:01:34]} Re6 {[%emt 0:03:34]} 27. Qe2 {[%emt 0:01:05]} h4 {[%emt 0:04:57]} 28. h3 {[%emt 0:01:21]} Re7 {[%emt 0:00:34]} 29. Ref1 {[%emt 0:02:07]} Qe6 {[%emt 0:02:04]} 30. Qh5 {[%emt 0:01:33]} Qxh3+ {[%emt 0:00:25]} 31. Kg1 {[%emt 0:00:04]} Qg4 {[%emt 0:00:34]} 32. Qxg4 {[%emt 0:00:36]} Nxg4 {[%emt 0:00:01]} 33. Rf4 {[%emt 0:00:07]} Ne5 {[%emt 0:00:34]} 34. Rxh4 {[%emt 0:00:30]} Re6 {[%emt 0:00:49]} 35. Rhf4 {[%emt 0:01:02]} Bd5 {[%emt 0:00:14]} 36. b3 {[%emt 0:00:51]} Rg6 {[%emt 0:00:08]} 37. Be3 {[%emt 0:01:56]} Nd3 {[%emt 0:00:14]} 38. Rf5 {[%emt 0:00:34]} Be6 {[%emt 0:00:30]} 39. R5f3 {[%emt 0:00:09]} Ne5 {[%emt 0:00:24]} 40. Rf4 {[%emt 0:00:25]} Nf7 {[%emt 0:00:28]} 41. Re4 {[%emt 0:02:23]} Be5 {[%emt 0:01:05]} 42. Rf6 {[%emt 0:02:42]} Rxf6 {[%emt 0:00:21]} 43. gxf6 {[%emt 0:00:05]} d5 {[%emt 0:00:25]} 44. Rh4 {[%emt 0:00:27]} Bxf6 {[%emt 0:00:04]} 45. Rf4 {[%emt 0:01:16]} Bxc3 {[%emt 0:00:02]} 46. Bd4 {[%emt 0:00:27]} Bxd4+ {[%emt 0:01:29]} 47. Rxd4 {[%emt 0:00:03]} Nd6 {[%emt 0:00:58]} 48. Rf4 {[%emt 0:01:46]} Ne4 {[%emt 0:00:15]} 49. Kf1 {[%emt 0:00:53]} Kg7 {[%emt 0:00:30]} 50. a3 {[%emt 0:00:27]} Nd2+ {[%emt 0:00:14]} 51. Ke2 {[%emt 0:00:17]} Nxb3 {[%emt 0:00:02]} 52. a4 {[%emt 0:00:48]} d4 {[%emt 0:00:54]} 53. axb5 {[%emt 0:00:54]} Bc4+ {[%emt 0:00:01]} 54. Kd1 {[%emt 0:00:32]} axb5 {[%emt 0:00:02]} 55. Kc2 {[%emt 0:00:16]} d3+ {[%emt 0:00:35]} 56. Kd1 {[%emt 0:00:55]} Kg6 {[%emt 0:00:07]} 57. Ke1 {[%emt 0:00:26]} Kg5 {[%emt 0:00:05]} 58. g3 {[%emt 0:00:04]} Be6 {[%emt 0:00:31]} 0-1

[Event "21st Dubai Open 2019"]
[Site "Dubai"]
[Date "2019.04.06"]
[Round "6.38"]
[White "Ansat, Aldiyar"]
[Black "Tokhirjonova, Gulrukhbegim"]
[Result "0-1"]
[WhiteElo "2117"]
[BlackElo "2427"]
[Annotator "TA"]
[PlyCount "100"]
[EventDate "2019.04.01"]
[EventType "swiss"]
[EventCountry "UAE"]
[SourceTitle "playchess.com"]
[Source "ChessBase"]
[SourceQuality "1"]

{[%evp 16,100,12,2,17,10,38,19,28,27,19,0,6,0,-3,-4,28,0,0,6,6,0,0,-11,0,-8,-20,-13,-8,-22,-16,-47,-43,-49,-39,-53,-39,-47,-46,-47,-47,-47,-47,-47,-47,-47,-39,-40,-40,-47,-47,-115,-110,-135,-121,-129,-93,-92,-101,-108,-123,-115,-113,-150,-153,-199,-168,-210,-235,-222,-198,-204,-217,-200,-191,-299,-288,-294,-284,-254,-241,-1105,-1183,-1189,-1173,-29978,-29973]} 1. e4 e5 2. Nf3 Nc6 3. Bb5 a6 4. Ba4 Nf6 5. O-O Be7 6. d3 b5 7. Bb3 d6 8. a3 O-O 9. Nc3 Be6 {C77: Ruy Lopez: 3...a6 4 Ba4 Nf6, unusual lines} (9... Na5 10. Ba2 Be6 11. b4 Bxa2 12. Rxa2 Nc6 13. Bg5 Ng4 14. Bd2 Nf6 15. Re1 Qd7 16. Nd5 Nxd5 17. exd5 {1-0 (29) Vachier Lagrave,M (2780)-Alekseenko,K (2637) Caleta 2019}) 10. Nd5 h6 11. Be3 Re8 {The position is equal.} 12. h3 Bf8 13. Nh2 $146 ({Predecessor:} 13. Qd2 Bxd5 14. exd5 Ne7 15. c4 Qb8 16. Bc2 Qb7 17. b3 {½-½ (34) Melamed,T (2318)-Hoepfl,T (2288) Germany 2017}) 13... Bxd5 14. exd5 Ne7 15. Qf3 Ng6 16. Ng4 Be7 17. Nxf6+ Bxf6 18. Qg4 Qc8 19. c3 Bg5 20. Bxg5 {Strongly threatening Qxc8.} (20. Qf3 {with more complications.} Nh4 21. Qe2 Qf5 22. Bxg5 hxg5 23. Kh2) 20... Qxg4 21. hxg4 {And now Be3 would win.} hxg5 22. g3 Nf8 23. Rae1 Nd7 24. Kg2 Rab8 25. f3 a5 26. d4 g6 27. Kf2 Kg7 28. Rh1 $1 Rh8 29. Rxh8 Rxh8 $15 {[%mdl 4096] Endgame KRB-KRN} 30. Kg2 Kf6 31. Re2 Rb8 32. Rc2 Ke7 33. dxe5 ({White should try} 33. Re2 $15) 33... dxe5 $17 34. Rd2 Kd6 35. Bc2 b4 36. cxb4 axb4 37. Ba4 Nc5 38. Bc6 Nb3 39. Rf2 Nd4 40. a4 b3 ({But not} 40... Nxc6 41. dxc6 b3 42. Re2 $17) 41. Rf1 Nxc6 42. dxc6 Kxc6 $19 {KR-KR} 43. Rc1+ {[#]} Kd6 $1 44. Rd1+ Ke6 45. Rc1 {[#]} (45. Kf2 $142) 45... Rd8 $1 46. Rc6+ Rd6 47. Rxc7 Rd2+ 48. Kg1 $2 (48. Kh3) 48... Rxb2 49. Rb7 Kd5 50. Rxf7 Ra2 {Accuracy: White = 37%, Black = 68%.} 0-1

[Event "21st Dubai Open 2019"]
[Site "Dubai"]
[Date "2019.04.07"]
[Round "7.1"]
[White "Kuzubov, Yuriy"]
[Black "Matlakov, Maxim"]
[Result "1/2-1/2"]
[WhiteElo "2653"]
[BlackElo "2692"]
[Annotator "TA"]
[PlyCount "71"]
[EventDate "2019.04.01"]
[EventType "swiss"]
[EventCountry "UAE"]
[SourceTitle "playchess.com"]
[Source "ChessBase"]
[SourceQuality "1"]

{[%evp 9,71,0,8,6,7,-35,-10,-7,0,5,5,-1,6,-10,22,2,17,-11,0,0,0,-6,0,0,0,0,0,0,0,0,0,0,0,0,0,0,0,0,0,-10,29,26,10,9,95,72,82,10,38,45,55,33,33,25,39,0,0,0,0,-17,-18,-12,-12,-16]} 1. d4 d5 2. c4 c6 3. e3 Nf6 4. Nc3 e6 5. Bd3 dxc4 (5... Nbd7 6. a3 Bd6 7. c5 Bc7 8. f4 b6 9. b4 a5 10. Bd2 bxc5 11. bxc5 Ba6 12. Bxa6 Rxa6 13. Nge2 O-O {0-1 (51) Kuzubov,Y (2655)-Korobov,A (2698) Kiev 2018}) 6. Bxc4 {D31: Queen's Gambit Declined: Semi-Slav without ...Nf6 (+ Marshall Gambit and Noteboom) and Exchange Variation lines without ...Nf6} Nbd7 7. Nge2 b5 8. Bd3 Bb7 9. a3 $146 ({Predecessor:} 9. O-O Be7 10. Bd2 O-O 11. Ng3 b4 12. Na4 c5 13. dxc5 Bxc5 {0-1 (63) Noorali,A (1793)-Chen,R (2198) Mississauga 2017}) 9... a5 10. O-O b4 11. Ne4 Nxe4 12. Bxe4 Bd6 13. Nf4 O-O 14. Qc2 Nf6 15. Bf3 Qc7 16. axb4 axb4 17. Bd2 g5 18. Nd3 g4 19. Be2 Bxh2+ 20. Kh1 Bd6 21. Bxb4 c5 22. Rxa8 Rxa8 23. Bxc5 (23. dxc5 Qc6 $15) 23... Qc6 {[%csl Gb7][%cal Rc6g2] [#]} 24. f3 Nh5 {And now ...Ng3+ would win.} 25. Rc1 Ng3+ 26. Kg1 Bxc5 (26... Bb8 $11 {keeps the balance.}) 27. dxc5 $16 Qd5 28. Bd1 ({White should try} 28. Nf4 $16 Qg5 29. c6 (29. fxg4 e5 $11) 29... Nxe2+ 30. Qxe2 Bxc6 31. fxg4 (31. Rxc6 $2 Ra1+ 32. Qf1 Rxf1+ 33. Kxf1 Qb5+ {[%mdl 64] Double Attack} 34. Ne2 Qxc6 $19)) 28... Qg5 (28... Rd8 $5 {[%cal Rd5d3]}) 29. c6 Ba6 $1 30. Nf2 {Hoping for f4.} Qxe3 31. Qc3 Bd3 $1 {Strongly threatening ...Ne4!} 32. c7 (32. Rc2 $5 Rc8 33. fxg4 (33. Qxd3 Qe1+ 34. Kh2 Nf1+ 35. Kg1 Ne3+ 36. Kh2 Nf1+ 37. Kg1 Ne3+ 38. Kh2 Nf1+ $11) 33... Rxc6 34. Qxd3 (34. Qxc6 $2 {perishes.} Qe1+ 35. Kh2 Nf1+ 36. Kg1 Ne3+ {[%mdl 64] Double Attack, Discovered Attack} 37. Kh2 Bxc2 $19) 34... Qe1+ 35. Kh2 Rxc2 36. Bxc2 Nf1+ 37. Kh3 Qxf2 38. Qxh7+ Kf8 39. Qh8+ Ke7 40. Qh4+ Qxh4+ 41. Kxh4 $14) 32... Rc8 {White must now prevent ...Rxc7!The position is equal.} 33. Rc2 {[#]} Rxc7 $1 {[%mdl 512]} 34. Qd2 (34. Qxc7 Qe1+) 34... Qxd2 35. Rxd2 Bb5 {Threatening ...gxf3.} 36. Nxg4 {Accuracy: White = 64%, Black = 57%.} 1/2-1/2

[Event "21st Dubai Open 2019"]
[Site "Dubai"]
[Date "2019.04.07"]
[Round "7.2"]
[White "Tabatabaei, M.amin"]
[Black "Indjic, Aleksandar"]
[Result "1/2-1/2"]
[WhiteElo "2612"]
[BlackElo "2592"]
[Annotator "TA"]
[PlyCount "77"]
[EventDate "2019.04.01"]
[EventType "swiss"]
[EventCountry "UAE"]
[SourceTitle "playchess.com"]
[Source "ChessBase"]
[SourceQuality "1"]

{[%evp 21,77,19,21,21,24,8,25,25,26,16,14,0,4,0,7,0,0,0,0,0,0,0,0,0,0,0,0,0,0,0,0,0,0,0,0,0,0,0,0,0,0,0,0,0,0,0,0,0,0,0,0,0,0,0,0,0,0,0]} 1. Nf3 c5 2. c4 Nf6 3. Nc3 Nc6 4. g3 d5 5. d4 e6 6. cxd5 Nxd5 7. Bg2 cxd4 8. Nxd4 Nxc3 9. bxc3 Nxd4 10. Qxd4 Qxd4 11. cxd4 Bd6 12. a4 {D41: Queen's Gambit Declined: Semi-Tarrasch with 5 cxd5} Rb8 13. Bd2 $146 ({Predecessor:} 13. a5 Bd7 14. Be3 a6 15. O-O Bb5 16. Ra2 Ke7 17. Rc1 Rhd8 18. f4 Rd7 19. Kf2 Rc7 20. Rxc7+ Bxc7 {½-½ (130) Cheparinov,I (2709)-Anand,V (2773) St Petersburg 2018}) 13... Bd7 14. a5 {White has an edge.} Bb5 15. Rb1 a6 {The position is equal.} 16. Bf4 Kd7 17. Kd2 Rhc8 18. e3 Bxf4 19. gxf4 Bc6 20. Bxc6+ bxc6 21. Rb6 Rxb6 22. axb6 $11 {[%mdl 4096] Endgame KR-KR} Rb8 23. Rb1 Kc8 24. Kd3 Kb7 25. Kc4 Rd8 26. e4 $1 a5 27. f3 a4 28. Ra1 Ra8 29. Kb4 Kxb6 30. Rxa4 Rxa4+ 31. Kxa4 {KP-KP} c5 32. Kb3 cxd4 33. Kc4 {[#]} d3 $1 {[%mdl 512]} 34. Kxd3 Kc5 35. Kc3 f6 36. Kd3 e5 37. fxe5 fxe5 38. h4 g6 39. Ke3 {Accuracy: White = 77%, Black = 89%.} 1/2-1/2

[Event "21st Dubai Open 2019"]
[Site "Dubai"]
[Date "2019.04.07"]
[Round "7.3"]
[White "Sethuraman, S.P."]
[Black "Iturrizaga Bonelli, Eduardo"]
[Result "0-1"]
[WhiteElo "2624"]
[BlackElo "2633"]
[Annotator "TA"]
[PlyCount "80"]
[EventDate "2019.04.01"]
[EventType "swiss"]
[EventCountry "UAE"]
[SourceTitle "playchess.com"]
[Source "ChessBase"]
[SourceQuality "1"]

{[%evp 19,80,15,49,30,95,25,49,22,44,52,80,17,13,3,8,7,14,0,0,0,0,-53,-48,-47,0,0,-14,-54,-23,-23,-31,-131,-137,-150,-150,-182,-161,-163,-117,-110,-125,-87,-46,-37,-44,-37,-45,-45,-45,-106,-20,-72,-77,-80,-50,-42,0,0,0,-992,-1605,-29972,-704]} 1. e4 c6 2. d4 d5 3. e5 Bf5 4. Nf3 e6 5. Be2 Nd7 6. O-O h6 7. Nbd2 g5 {B12: Caro-Kann: Advance Variation} 8. Nb3 Ne7 9. a4 (9. Ne1 Qc7 10. f4 c5 11. Nxc5 Nxc5 12. dxc5 Qxc5+ 13. Kh1 d4 14. Nd3 Qc7 15. fxg5 {0-1 (32) Shirov,A (2636)-Nakamura,H (2763) Douglas 2018}) 9... Bg7 10. a5 O-O {LiveBook: 6 Games} 11. c3 b6 {[#]} (11... f6 $11) 12. Be3 $146 ({Better is} 12. h4 $1 $16) ({Predecessor:} 12. h4 bxa5 13. hxg5 h5 14. Nh4 Be4 15. Nxa5 {1-0 (28) Ametrano,A-Ritzmann,A ICCF email 2014}) 12... Qc7 13. Ne1 {[%cal Bf3e1,Be1d3,Bd3e5][%mdl 32]} f6 14. exf6 Nxf6 15. f4 ({White should try} 15. axb6 $16 axb6 16. Rxa8 Rxa8 17. g4) 15... g4 $1 $11 16. Nd3 h5 17. Ne5 Ne4 18. Nd2 c5 19. axb6 axb6 20. Qb3 (20. Rxa8 $11 Rxa8 21. Nxe4 Bxe4 22. Bb5) 20... Nxd2 $15 21. Bxd2 Nc6 22. Qb5 Nxe5 23. dxe5 Ra5 24. Rxa5 bxa5 25. c4 (25. Bd3 $15) 25... Rb8 $17 26. Qa4 Rxb2 27. Bxa5 Qa7 28. Bd1 d4 29. Qe8+ Bf8 30. Qxh5 Qxa5 31. Bxg4 Qa8 {[%csl Gb2][%cal Ra8g2]} 32. Qg5+ Bg7 {[%csl Gb2][%cal Ra8g2]} 33. Bxf5 exf5 34. e6 ({White should play} 34. Rf3 $15) 34... Qe8 (34... Qf8 $17 {And now ...Re2 would win.} 35. Re1 Rb8) 35. Re1 (35. Ra1 $1 $11 {keeps the balance.} Rb7 36. Qxf5) 35... d3 36. Qxf5 d2 {[%cal Rd2e1]} 37. Rd1 $1 Rb6 $40 {[%mdl 128] Black attacks.} 38. Rxd2 Rxe6 {( -> ...Re1+)} 39. Qxc5 $2 {[%mdl 8192] [#]} (39. h4 $11) 39... Rd6 $3 $19 {[%cal Re8e1][%mdl 512]} 40. Rf2 (40. Qxd6 Qe1#) 40... Rd1+ {Accuracy: White = 42%, Black = 48%.} 0-1